| 000 | 00506nam a2200193Ia 4500 | ||
|---|---|---|---|
| 005 | 20250326144911.0 | ||
| 008 | 250326s9999 xx 000 0 und d | ||
| 020 | _a0-566-08373-6 | ||
| 037 | _aTextbook | ||
| 040 |
_aFMSL _beng _cFMSL |
||
| 041 |
_aeng _2eng |
||
| 084 |
_aX:89Q8 P1 _qFMSL |
||
| 100 |
_aSeaver M _9735934 |
||
| 245 | 0 |
_aImplementing ISO 9000:2000 _cSeaver M |
|
| 260 |
_aUSA _bUSA, Gower _c2001 |
||
| 300 | _a262p | ||
| 942 |
_cTB _hX:89Q8 P1 |
||
| 999 |
_c1305535 _d1305535 |
||